emoji quiz - Statistics

General Stats
  • This quiz has been taken 18 times
  • The average score is 10 of 22
Answer Stats
Hint Answer % Correct
song- πŸ‘πŸ― eye of the tiger
85%
song-πŸ‡ΊπŸ‡ΈπŸ₯§ American pie
77%
film-πŸ‘¦πŸ»πŸ«πŸ­ Charlie and the chocolate factory
77%
film-πŸ§™πŸΌβ€β™‚οΈπŸ§β€β™€οΈπŸŒ‹πŸ’ lord of the rings
77%
film-πŸ€΅πŸΏβ€β™‚οΈπŸ€΅πŸΌβ€β™‚οΈβš«οΈπŸ‘½ men in black
69%
song- πŸš«πŸ’πŸ‘―β€β™€οΈ single ladies
69%
song- πŸ‘§πŸΌβž‘οΈβ›ͺ️ take me to church
69%
song-πŸ”β¬…οΈβ˜οΈπŸ˜‡ locked out of heaven
62%
celeb-πŸπŸ”›πŸŒŠ BeyoncΓ©
54%
film-πŸ‘¦πŸ»πŸ‘΄πŸΌπŸš—β° back to the future
46%
song-πŸš«πŸ˜©πŸπŸ˜† don’t worry be happy
46%
celeb-🐯🌳🌳 Tiger Woods
46%
celeb- πŸ»πŸ‘§πŸ‘§ Bear Grylls
38%
song- β˜ŽοΈπŸ€” call me maybe
38%
film-πŸ”ͺπŸƒβ€β™‚οΈ blade runner
31%
film-🎰🎲🀴 casino royale
31%
film- πŸ‘‘πŸ’¬ kings speech
31%
celeb-πŸŽ€πŸ‡¬πŸ‡§πŸŒž Michael Jackson
8%
celeb-πŸπŸ‘πŸ“‘ Billie Eilish
0%
celeb-πŸ“…πŸ“ΉπŸ₯“ David beckham
0%
celeb-πŸŽ­πŸ†πŸŸ Oprah Winfrey
0%
film-πŸ€πŸ™‹β€β™€οΈ πŸ‘πŸ›¬ shutter island
0%
No matching quizzes found
Score Distribution
Percent of People with Each Score
Percentile by Number Answered
Your Score History
You have not taken this quiz